Dire Straits ~ On Every Street - Statistics

General Stats
  • This quiz has been taken 13 times
  • The average score is 118 of 171
Answer Stats
Answer % Correct
a
100%
A
100%
you
100%
You
100%
you''
100%
be
92%
every
92%
gotta
92%
of
92%
on
92%
record
92%
street
92%
The
92%
the
92%
There's
92%
face
83%
for
83%
I
83%
it
83%
looking
83%
and
75%
And
75%
I'm
75%
it's
75%
It's
75%
somebody's
75%
someplace
75%
Somewhere
75%
your
75%
Your
75%
books
67%
pain
67%
picture
67%
pleasure
67%
to
67%
case
58%
concrete
58%
don't
58%
down
58%
in
58%
is
58%
know
58%
ladykiller
58%
my
58%
regulation
58%
Silver
58%
still
58%
symphony
58%
tattoo
58%
upside
58%
why
58%
as
50%
bittersweet
50%
can
50%
crashes
50%
dangerous
50%
explode
50%
fingerprints
50%
fireworks
50%
has
50%
heat
50%
heels
50%
herself
50%
his
50%
injured
50%
into
50%
liberty
50%
lowdown
50%
next
50%
profane
50%
remain
50%
road
50%
sacred
50%
She
50%
space
50%
spurrs
50%
standing
50%
taste
50%
tell
50%
under
50%
victory
50%
"What
50%
wheels
50%
chord
42%
hanging
42%
hazardous
42%
load
42%
looks
42%
me
42%
moon
42%
thats
42%
three
42%
threw
42%
waste
42%
over
33%
Says
33%
Seems
33%
such
33%
Yeah
33%
Oh
25%
ravenous
25%
refuse
25%
traced
25%
town
17%
No matching quizzes found
Score Distribution
Percent of People with Each Score
Percentile by Number Answered
Your Score History
You have not taken this quiz